Terracing of farm lands / (Record no. 24753)
[ view plain ]
| 000 -LEADER | |
|---|---|
| fixed length control field | 00799cam a22002411 4500 |
| 001 - CONTROL NUMBER | |
| control field | gs 08000327 |
| 003 - CONTROL NUMBER IDENTIFIER | |
| control field | DLC |
| 005 - DATE AND TIME OF LATEST TRANSACTION | |
| control field | 20260227111308.0 |
| 008 - FIXED-LENGTH DATA ELEMENTS--GENERAL INFORMATION | |
| fixed length control field | 750616s1908 ncub 000 0 eng |
| 010 ## - LIBRARY OF CONGRESS CONTROL NUMBER | |
| LC control number | gs 08000327 |
| 035 ## - SYSTEM CONTROL NUMBER | |
| System control number | (OCoLC)1394330 |
| 040 ## - CATALOGING SOURCE | |
| Original cataloging agency | DLC |
| Transcribing agency | OT |
| Modifying agency | OCoLC |
| -- | DLC |
| 042 ## - AUTHENTICATION CODE | |
| Authentication code | premarc |
| 050 00 - LIBRARY OF CONGRESS CALL NUMBER | |
| Classification number | S623 |
| Item number | .A7 |
| 100 1# - MAIN ENTRY--PERSONAL NAME | |
| Personal name | Ashe, W. W. |
| Fuller form of name | (William Willard), |
| Dates associated with a name | 1872-1932. |
| 245 10 - TITLE STATEMENT | |
| Title | Terracing of farm lands / |
| Statement of responsibility, etc. | by W. W. Ashe. |
| 260 ## - PUBLICATION, DISTRIBUTION, ETC. | |
| Place of publication, distribution, etc. | Raleigh : |
| Name of publisher, distributor, etc. | E. M. Uzell, public printers, |
| Date of publication, distribution, etc. | 1908. |
| 300 ## - PHYSICAL DESCRIPTION | |
| Extent | 38 p. : |
| Other physical details | VI pl. (incl. map) diagrs. ; |
| Dimensions | 26 cm. |
| 490 1# - SERIES STATEMENT | |
| Series statement | North Carolina. Geological and Economic Survey. Bulletin, |
| Volume/sequential designation | no. 17 |
| 650 #0 - SUBJECT ADDED ENTRY--TOPICAL TERM | |
| Topical term or geographic name entry element | Soils |
| Geographic subdivision | North Carolina. |
| 650 #0 - SUBJECT ADDED ENTRY--TOPICAL TERM | |
| Topical term or geographic name entry element | Erosion. |
| 830 #0 - SERIES ADDED ENTRY--UNIFORM TITLE | |
| Uniform title | Bulletin (North Carolina Geological and Economic Survey) ; |
| Volume/sequential designation | no. 17. |
No items available.